[Event "AUTO-ADV-1012"]
[Site "http://www.queenalice.com/game.php?id=452195"]
[Date "2008.8.22"]
[Round "1"]
[White "chessaga"]
[Black "catalan"]
[Result "1-0"]
[WhiteElo "1503"]
[BlackElo "1715"]

1. d4 d5 2. c4 dxc4 3. e4 Nc6 4. d5 Ne5 5. Bxc4 Nxc4 6. Qa4+ Bd7 7. Qxc4 e6 8.
Nc3 Bd6 9. Nf3 f6 10. a3 exd5 11. Qxd5 Bc6 12. Qe6+ Ne7 13. e5 Bd7 14. Qb3 fxe5
15. Ng5 Rf8 16. Nxh7 Rf7 17. Ng5 Rf6 18. O-O b6 19. Nce4 Rg6 20. Qf7# 1-0

[Event "AUTO-ADV-1012"]
[Site "http://www.queenalice.com/game.php?id=452196"]
[Date "2008.8.22"]
[Round "1"]
[White "catalan"]
[Black "chessaga"]
[Result "1-0"]
[WhiteElo "1724"]
[BlackElo "1560"]

1. e4 e5 2. Nf3 Nc6 3. Bb5 d6 4. d3 h6 5. Be3 Bg4 6. h3 Bh5 7. g4 Bg6 8. h4 h5
9. g5 f6 10. Nbd2 f5 11. exf5 Bxf5 12. Qe2 g6 13. Bxc6+ bxc6 14. c3 Ne7 15. d4
e4 16. Ng1 Nd5 17. Qc4 Qd7 18. Qa6 Nxe3 19. fxe3 Be7 20. O-O-O O-O 21. Nf1 d5
22. Nd2 Bg4 23. Rf1 Rxf1+ 24. Qxf1 Rf8 25. Qe1 c5 26. Ne2 Bf3 27. Rf1 Qg4 28.
Nxf3 Rxf3 29. Rxf3 Qxf3 30. Ng1 Qg4 31. Ne2 cxd4 32. cxd4 Bd6 33. Nc3 Bg3 34.
Qf1 Qf3 35. Qxf3 exf3 36. Kd2 c6 37. e4 Bxh4 38. exd5 Bxg5+ 39. Ke1 cxd5 40.
Nxd5 h4 41. Kf2 Kf7 42. Kxf3 Ke6 43. Nc3 Bf6 44. Nb5 Kd5 45. Ke3 h3 46. Kf3 Bxd4
47. Nxd4 Kxd4 48. Kg3 a5 49. Kxh3 Kd3 50. a3 Kc2 51. b4 1-0

[Event "AUTO-ADV-1012"]
[Site "http://www.queenalice.com/game.php?id=452197"]
[Date "2008.8.22"]
[Round "1"]
[White "chessaga"]
[Black "ezequiel_2001"]
[Result "0-1"]
[WhiteElo "1480"]
[BlackElo "1806"]

1. d4 Nf6 2. c4 b6 3. Nc3 Bb7 4. Bf4 d6 5. d5 Nbd7 6. e4 g6 7. Nf3 Bg7 8. h3 Nh5
9. Bh2 Bxc3+ 10. bxc3 Nc5 11. Be2 Nxe4 12. Qc2 Nc5 13. O-O Qd7 14. Nd4 Nf6 15.
Bf3 O-O-O 16. a4 e5 17. Nb5 Kb8 18. a5 a6 19. Na3 e4 20. Be2 Rhf8 21. axb6 cxb6
22. Rfb1 Qc7 23. Qa2 Nfd7 24. Nb5 axb5 25. Qa7+ Kc8 26. cxb5 Bxd5 27. Qxc7+ Kxc7
28. Ra7+ Bb7 29. f3 Ra8 30. Rxa8 Rxa8 31. Bc4 Ne5 32. Bxe5 dxe5 33. Bxf7 exf3
0-1

[Event "AUTO-ADV-1012"]
[Site "http://www.queenalice.com/game.php?id=452198"]
[Date "2008.8.22"]
[Round "1"]
[White "ezequiel_2001"]
[Black "chessaga"]
[Result "1-0"]
[WhiteElo "1803"]
[BlackElo "1483"]

1. d4 Nf6 2. c4 g6 3. Nc3 Bg7 4. g3 O-O 5. Bg2 c6 6. Nf3 d5 7. c5 Nbd7 8. O-O
Re8 9. Nd2 e5 10. e3 e4 11. a4 b6 12. b4 bxc5 13. bxc5 a5 14. Ba3 Ba6 15. Re1 h5
16. Nb3 Bc4 17. Bf1 Bxb3 18. Qxb3 Rb8 19. Qa2 Nh7 20. Rab1 Ng5 21. Bg2 Qf6 22.
Rxb8 Nxb8 23. Rb1 Nf3+ 24. Bxf3 exf3 25. Rb7 Na6 26. Qb1 Qe6 27. Qf1 f5 28. Qh3
f4 29. Qxe6+ Rxe6 30. gxf4 Bh6 31. Ra7 Nb4 32. Rxa5 Nc2 33. Bc1 g5 34. fxg5 1-0

[Event "AUTO-ADV-1012"]
[Site "http://www.queenalice.com/game.php?id=452199"]
[Date "2008.8.22"]
[Round "1"]
[White "chessaga"]
[Black "zolaweed"]
[Result "0-1"]
[WhiteElo "1400"]
[BlackElo "1719"]

1. d4 d5 2. c4 Nf6 3. Nc3 dxc4 4. e4 e6 5. Bxc4 Bb4 6. Bg5 h6 7. Bh4 Bxc3+ 8.
bxc3 g5 9. Bg3 Nxe4 10. Ne2 Nd7 11. O-O Nb6 12. Bb3 Bd7 13. Qc2 Bc6 14. f3 Nxg3
15. Nxg3 h5 16. Bxe6 fxe6 17. Qg6+ Kd7 18. Nxh5 Rf8 19. Ng7 Qe7 20. Rfe1 Bd5 21.
Re2 Rg8 22. Qh7 Rxg7 23. Qd3 Bc4 24. Qe4 Bxe2 25. Qxe2 Rh8 26. c4 Qd6 27. g3
Qxd4+ 28. Kg2 Qxa1 29. Qd3+ Kc8 0-1

[Event "AUTO-ADV-1012"]
[Site "http://www.queenalice.com/game.php?id=452200"]
[Date "2008.8.22"]
[Round "1"]
[White "zolaweed"]
[Black "chessaga"]
[Result "1-0"]
[WhiteElo "1633"]
[BlackElo "1543"]

1. e4 e5 2. Nf3 Nc6 3. Nc3 Bc5 4. Be2 Nf6 5. Bb5 d6 6. O-O Bg4 7. h3 Bh5 8. d3
O-O 9. Bg5 h6 10. Bh4 Nd4 11. g4 Bg6 12. Bc4 a6 13. Nd5 Kh8 14. Nxf6 gxf6 15. c3
Nxf3+ 16. Qxf3 Rg8 17. Bxf6+ 1-0

[Event "AUTO-OPEN-1244"]
[Site "http://www.queenalice.com/game.php?id=454854"]
[Date "2008.8.28"]
[Round "1"]
[White "chessaga"]
[Black "wladimir"]
[Result "0-1"]
[WhiteElo "1564"]
[BlackElo "1330"]

1. d4 d5 2. c4 e5 3. c5 Bf5 4. Nc3 exd4 5. Qxd4 Nc6 6. Qa4 Bxc5 7. e3 Qg5 8. e4
Qg4 9. f3 Qh4+ 10. g3 Qh5 11. exf5 Bb4 12. Bb5 Bxc3+ 13. bxc3 Qxf5 14. Bxc6+
bxc6 15. Qxc6+ Ke7 16. Ba3+ Kd8 17. Qxa8+ Kd7 18. Qxa7 Nh6 19. Qd4 Re8+ 20. Kf2
Qc2+ 21. Kf1 Nf5 22. Qxd5+ Kc8 23. Rc1 Ne3+ 24. Ke1 Ng2+ 25. Kf1 Ne3+ 26. Ke1
Nxd5+ 27. Kf1 Qxa2 28. Rd1 Nxc3 0-1

[Event "AUTO-OPEN-1244"]
[Site "http://www.queenalice.com/game.php?id=454855"]
[Date "2008.8.28"]
[Round "1"]
[White "wladimir"]
[Black "chessaga"]
[Result "1-0"]
[WhiteElo "1362"]
[BlackElo "1535"]

1. e4 e5 2. Bb5 Nf6 3. c3 c6 4. Ba4 b5 5. Bb3 Bc5 6. d4 Bb6 7. Bg5 O-O 8. Qf3 h6
9. Bxf6 Qxf6 10. dxe5 Qxe5 11. g4 d5 12. Bc2 f5 13. g5 g6 14. gxh6 Kh7 15. Nh3
fxe4 16. Ng5+ Qxg5 17. Qxf8 Qxh6 18. Qe7+ Kh8 19. Nd2 Qh4 20. Qe5+ Kh7 21. O-O-O
Nd7 22. Qe8 Nf6 23. Qf7+ Kh6 24. Rhg1 Bf5 25. Nf3 Qf4+ 26. Nd2 Bxf2 27. Rgf1
Qxh2 28. Qxf6 Be3 29. Rh1 Bxd2+ 30. Kb1 Qh3 31. Rxh3+ Bxh3 32. Rh1 1-0

[Event "AUTO-OPEN-1244"]
[Site "http://www.queenalice.com/game.php?id=454856"]
[Date "2008.8.28"]
[Round "1"]
[White "chessaga"]
[Black "saavik"]
[Result "0-1"]
[WhiteElo "1456"]
[BlackElo "1833"]

1. d4 d5 2. c4 Nf6 3. Nc3 dxc4 4. e4 e6 5. Bg5 Bb4 6. e5 Bxc3+ 7. bxc3 Qd5 8.
Qa4+ b5 9. Qc2 Ne4 10. Be3 Nc6 11. f3 Nxc3 12. Qxc3 b4 13. Qc2 Qa5 14. Qxc4 b3+
15. Bd2 b2 16. Rb1 Qb6 17. Bc3 Ba6 18. Qb3 Na5 19. Qxb6 axb6 20. Bxa5 bxa5 21.
Bxa6 Rxa6 22. Rxb2 O-O 23. Ne2 Rc6 24. O-O Rc4 25. Rb7 Rc2 26. Nf4 Rc8 27. Rfb1
g5 28. Nh5 h6 29. Nf6+ Kh8 30. Rb8 Rc1+ 31. Rxc1 Rxb8 32. Rxc7 Kg7 33. Nd7 Rb1+
34. Kf2 h5 35. Nf6 h4 36. Nh5+ Kg6 37. g4 hxg3+ 38. Nxg3 Rb2+ 39. Ke3 Rxa2 40.
Ne4 a4 0-1

[Event "AUTO-OPEN-1244"]
[Site "http://www.queenalice.com/game.php?id=454857"]
[Date "2008.8.28"]
[Round "1"]
[White "saavik"]
[Black "chessaga"]
[Result "1-0"]
[WhiteElo "1758"]
[BlackElo "1574"]

1. d4 Nf6 2. Nc3 g6 3. e4 Bg7 4. e5 Nh5 5. Qf3 O-O 6. g4 Nf6 7. exf6 Bxf6 8. g5
Bxd4 9. Bc4 e6 10. Nge2 Bxc3+ 11. Nxc3 c6 12. Ne4 Kh8 13. Nf6 d5 14. Qh3 h5 15.
Qc3 dxc4 16. Nxh5+ Kh7 17. Qg7# 1-0

[Event "AUTO-OPEN-1244"]
[Site "http://www.queenalice.com/game.php?id=454858"]
[Date "2008.8.28"]
[Round "1"]
[White "chessaga"]
[Black "andresalles"]
[Result "0-1"]
[WhiteElo "1533"]
[BlackElo "1876"]

1. d4 d5 2. c4 e6 3. Nc3 Bb4 4. cxd5 exd5 5. Nf3 Nf6 6. Bg5 h6 7. Bh4 Nbd7 8. e3
a6 9. Bxf6 Qxf6 10. Be2 O-O 11. O-O Bxc3 12. bxc3 Nb6 13. Qc2 Bf5 14. Bd3 Bxd3
15. Qxd3 Nc4 16. Qe2 b5 17. g3 Rfe8 18. Nd2 Nxd2 19. Qxd2 Qf3 20. Qd1 Qe4 21.
Qe2 Qg6 22. a4 c6 23. axb5 axb5 24. Rxa8 Rxa8 25. f3 Ra3 26. Rc1 h5 27. Kf2 Qe6
28. Rc2 Qh3 29. Ke1 Ra1+ 30. Kd2 Rh1 31. Kd3 Qf5+ 32. e4 dxe4+ 33. fxe4 Qh3 34.
Qg2 Rd1+ 35. Ke3 Re1+ 36. Kf2 Qxg2+ 37. Kxg2 Rxe4 38. Kf3 Re6 39. Re2 Rxe2 40.
Kxe2 g6 41. Ke3 f5 42. Kf4 Kf7 43. Ke5 Ke7 44. d5 cxd5 45. Kxd5 Kd7 46. Kc5 g5
47. Kxb5 f4 48. Kc4 f3 49. Kd3 g4 50. Ke3 Kc6 51. Kf2 Kd5 52. h3 Kc4 53. h4 Kxc3
54. Ke3 Kc2 55. Kf2 Kd2 56. Kf1 Kd3 57. Kf2 Kd2 58. Kf1 f2 59. Kxf2 Kd3 60. Kg2
Ke2 61. Kh2 Kf2 62. Kh1 Kxg3 63. Kg1 Kxh4 64. Kh2 Kg5 65. Kg2 h4 66. Kh2 Kf4 67.
Kg2 h3+ 68. Kh2 Kf3 69. Kg1 g3 70. Kh1 g2+ 71. Kg1 h2+ 72. Kxh2 Kf2 0-1

[Event "AUTO-OPEN-1244"]
[Site "http://www.queenalice.com/game.php?id=454859"]
[Date "2008.8.28"]
[Round "1"]
[White "andresalles"]
[Black "chessaga"]
[Result "0-1"]
[WhiteElo "1903"]
[BlackElo "1510"]

1. e4 e5 2. Bc4 Nc6 3. Nf3 Bc5 4. d3 h6 5. O-O d6 6. h3 Nf6 7. Nc3 Nd4 8. Be3
Be6 9. Bxe6 Nxe6 10. Qe2 Bxe3 11. Qxe3 c6 12. a3 g5 13. d4 Qe7 14. dxe5 Nh5 15.
exd6 Qd7 16. e5 Nef4 17. Nd4 O-O-O 18. g4 Nxh3+ 19. Qxh3 Nf4 20. Qf3 h5 21. gxh5
Rxh5 22. Rfe1 Rh3 23. Qd1 Rdh8 24. f3 Rh1+ 25. Kf2 R8h2+ 26. Ke3 Ng2+ 27. Kd3
Nxe1+ 28. Kc4 Nxc2 29. Qxh1 b5+ 30. Kc5 Rxh1 31. Rxh1 Nxd4 32. Kxd4 Qe6 33. Ne4
Qd5+ 34. Ke3 Qxe5 35. Rd1 f5 36. d7+ Kd8 37. Kd3 fxe4+ 38. fxe4 Kxd7 39. Ke3+
Kc7 40. Rd2 Qf4+ 41. Kd3 g4 42. Re2 Qf3+ 43. Re3 Qd1+ 44. Kc3 Qc1+ 45. Kd4 Qg1
46. e5 Kd7 47. e6+ Ke7 48. Ke4 Qb1+ 49. Ke5 Qxb2+ 50. Kf5 Qf2+ 0-1

[Event "AUTO-INT-1025"]
[Site "http://www.queenalice.com/game.php?id=458167"]
[Date "2008.9.4"]
[Round "1"]
[White "PH_gga"]
[Black "chessaga"]
[Result "1-0"]
[WhiteElo "1383"]
[BlackElo "1454"]

1. e4 e5 2. Bc4 Nc6 3. Qf3 Qf6 4. d3 h6 5. Nc3 Nd4 6. Qxf6 Nxf6 7. Nge2 Nxc2+ 8.
Kd2 Nxa1 9. Ke3 Nc2+ 10. Kd2 Nd4 11. Nxd4 exd4 12. Nd5 1-0

[Event "AUTO-INT-1025"]
[Site "http://www.queenalice.com/game.php?id=458168"]
[Date "2008.9.4"]
[Round "1"]
[White "chessaga"]
[Black "PH_gga"]
[Result "0-1"]
[WhiteElo "1435"]
[BlackElo "1402"]

1. d4 d5 2. c4 dxc4 3. e4 Nf6 4. Nc3 e6 5. Bg5 h6 6. Bh4 Nc6 7. Nf3 Nb4 8. Bxc4
Be7 9. d5 exd5 10. Bxf6 Bxf6 0-1

[Event "AUTO-INT-1025"]
[Site "http://www.queenalice.com/game.php?id=458177"]
[Date "2008.9.4"]
[Round "1"]
[White "chessaga"]
[Black "V_Spy"]
[Result "0-1"]
[WhiteElo "1527"]
[BlackElo "1401"]

1. d4 Nc6 2. d5 Nb4 3. c4 Nf6 4. Nc3 c6 5. a3 Na6 6. e4 cxd5 7. cxd5 d6 8. Be3
Bg4 9. f3 Bh5 10. Bxa6 bxa6 11. Qa4+ Qd7 12. Qxa6 Rb8 13. O-O-O e6 14. Qa4 Qxa4
15. Nxa4 exd5 16. exd5 Be7 17. g4 Rb3 18. Bd4 Bg6 19. h4 O-O 20. Bxa7 Rc8+ 21.
Nc3 Bd8 22. Bd4 Rcb8 23. Na4 Nxd5 24. h5 Bd3 25. Nh3 Ne3 26. Rd2 Ra8 27. Bxe3
Rxa4 28. Nf4 Ba6 29. Rxd6 Bf6 30. Rhd1 Bxb2+ 31. Kd2 Raxa3 0-1

[Event "AUTO-INT-1025"]
[Site "http://www.queenalice.com/game.php?id=458178"]
[Date "2008.9.4"]
[Round "1"]
[White "V_Spy"]
[Black "chessaga"]
[Result "1-0"]
[WhiteElo "1422"]
[BlackElo "1506"]

1. e4 e5 2. Qh5 Qf6 3. Nf3 Nc6 4. Bc4 g6 5. Qh3 d5 6. Qh4 Be7 7. Bxd5 Qxh4 8.
Nxh4 Bxh4 9. b3 Nf6 10. g3 Nxd5 11. exd5 Nd4 12. Bb2 Nxc2+ 13. Kf1 Bh3+ 14. Kg1
Bf6 15. Na3 Nxa3 16. Bxa3 O-O-O 17. Rc1 Rxd5 18. Bb4 Bg7 19. g4 Rxd2 20. Bxd2
Bxg4 21. h3 Bf3 22. Be3 Bxh1 23. Kxh1 b6 24. a4 f5 25. Rc6 Kd7 26. Rc4 f4 27.
Bd2 Rd8 28. Kg2 Ke7 29. Rxc7+ Rd7 30. Rxd7+ Kxd7 31. b4 1-0

[Event "AUTO-OPEN-1252"]
[Site "http://www.queenalice.com/game.php?id=458191"]
[Date "2008.9.4"]
[Round "1"]
[White "chessaga"]
[Black "Jane"]
[Result "0-1"]
[WhiteElo "1477"]
[BlackElo "1611"]

1. d4 d5 2. c4 dxc4 3. e4 Nc6 4. d5 Ne5 5. Nc3 e6 6. Bxc4 Nxc4 7. Qa4+ Qd7 8.
Qxc4 exd5 9. Nxd5 c6 10. Nc3 Bd6 11. Be3 Ne7 12. O-O-O O-O 13. e5 b5 14. Qd3
Bxe5 15. Qc2 Qf5 16. Ne4 Be6 17. Kb1 h6 18. h3 Ng6 19. g4 Bb3 20. axb3 Qe6 21.
Nf3 a5 22. Nc5 Qf6 23. Nd7 Qxf3 0-1

[Event "AUTO-OPEN-1252"]
[Site "http://www.queenalice.com/game.php?id=458192"]
[Date "2008.9.4"]
[Round "1"]
[White "Jane"]
[Black "chessaga"]
[Result "1-0"]
[WhiteElo "1622"]
[BlackElo "1466"]

1. e4 e5 2. Nf3 Nc6 3. Bb5 d6 4. Bxc6+ bxc6 5. d4 Ba6 6. dxe5 dxe5 7. Qxd8+ Rxd8
8. Nxe5 Bb5 9. Nc3 Bb4 10. Bd2 f6 11. a3 Bxc3 12. Bxc3 fxe5 13. Bxe5 Rd7 14. f3
Re7 15. Bc3 Nh6 16. O-O-O O-O 17. Bb4 Rfe8 18. Bxe7 Rxe7 19. Rd8+ Kf7 20. Rh8 g6
21. Rxh7+ 1-0

[Event "AUTO-OPEN-1252"]
[Site "http://www.queenalice.com/game.php?id=458193"]
[Date "2008.9.4"]
[Round "1"]
[White "chessaga"]
[Black "rogervolei"]
[Result "0-1"]
[WhiteElo "1485"]
[BlackElo "1878"]

1. d4 e6 2. c4 h6 3. Nc3 Bb4 4. Bf4 Bxc3+ 5. bxc3 g5 6. Be5 Nf6 7. e4 d6 8. Bxf6
Qxf6 9. Qd2 a6 10. Bd3 e5 0-1

[Event "AUTO-OPEN-1252"]
[Site "http://www.queenalice.com/game.php?id=458194"]
[Date "2008.9.4"]
[Round "1"]
[White "rogervolei"]
[Black "chessaga"]
[Result "1-0"]
[WhiteElo "1876"]
[BlackElo "1487"]

1. e3 c5 2. h3 Nc6 3. a3 d5 4. Nf3 e5 5. Bb5 Bd6 6. b3 Bd7 7. O-O e4 8. Ne1 Qg5
9. g4 Qe5 10. f4 Qe7 11. d3 1-0

[Event "AUTO-OPEN-1252"]
[Site "http://www.queenalice.com/game.php?id=458195"]
[Date "2008.9.4"]
[Round "1"]
[White "chessaga"]
[Black "adilson_camargo"]
[Result "0-1"]
[WhiteElo "1531"]
[BlackElo "1880"]

1. d4 d5 2. c4 c5 3. cxd5 Qxd5 4. Nf3 Bg4 5. e3 Bxf3 6. gxf3 e6 7. Bg2 Nc6 8.
Nc3 Qd6 9. d5 exd5 10. Qxd5 Nf6 11. Qxd6 Bxd6 12. f4 Rc8 13. Nb5 Bb8 14. b3 a6
15. Bxc6+ Rxc6 16. Nc3 b5 17. Bb2 O-O 18. O-O-O Ng4 19. Rd2 Bc7 20. Nd5 Bd6 21.
Rg1 f5 22. f3 h5 23. fxg4 hxg4 24. h3 Rf7 25. hxg4 fxg4 26. Rxg4 Bf8 27. Nf6+
Rfxf6 28. Bxf6 Rxf6 29. Kd1 Re6 30. Ke2 Rh6 31. Rd8 Rh2+ 32. Kf3 Rxa2 33. Rg5
Rb2 34. Rf5 Rxb3 35. Rxc5 Ra3 36. Rcc8 b4 0-1

[Event "AUTO-OPEN-1252"]
[Site "http://www.queenalice.com/game.php?id=458196"]
[Date "2008.9.4"]
[Round "1"]
[White "adilson_camargo"]
[Black "chessaga"]
[Result "1-0"]
[WhiteElo "1882"]
[BlackElo "1529"]

1. d4 f5 2. c4 Nf6 3. Nf3 g6 4. Nc3 Bg7 5. Bg5 O-O 6. e3 c6 7. Bd3 d5 8. O-O Ne4
9. h3 Bf6 10. Bh6 Rf7 11. cxd5 Nxc3 12. bxc3 cxd5 13. c4 Bg7 14. Bxg7 Kxg7 15.
Qc2 e6 16. cxd5 exd5 17. Ne5 Rf8 18. f4 Nd7 19. Nf3 Nf6 20. Rab1 Ne4 21. Bxe4
fxe4 22. Ng5 h6 23. Rxb7+ Kg8 24. Rc7 hxg5 25. Rc6 Bf5 26. g4 Bd7 27. Rxg6+ Kf7
28. Rxg5 Rh8 29. Kg2 Rc8 30. Qb3 Bc6 31. Kg3 Qd6 32. h4 Rb8 33. Qc2 Bd7 34. h5
Rbg8 35. Rxg8 Rxg8 36. Qe2 Bxg4 37. Qh2 Bf3+ 38. Kh4 1-0